Peperangan Yang Masyhur / (Record no. 133344)

MARC details
000 -LEADER
fixed length control field 00884nam a2200277 i 4500
001 - CONTROL NUMBER
control field C2-0334949
003 - CONTROL NUMBER IDENTIFIER
control field PPAK
005 - DATE AND TIME OF LATEST TRANSACTION
control field 20201111150931.0
008 - FIXED-LENGTH DATA ELEMENTS--GENERAL INFORMATION
fixed length control field 151208s2014 my a|||| ||||| | may d
020 ## - INTERNATIONAL STANDARD BOOK NUMBER
International Standard Book Number 9789670643168
040 ## - CATALOGING SOURCE
Original cataloging agency PPAK
Language of cataloging eng
Transcribing agency PPAK
Description conventions rda
082 04 - DEWEY DECIMAL CLASSIFICATION NUMBER
Classification number 959.5
Edition number 23
090 00 - LOCALLY ASSIGNED LC-TYPE CALL NUMBER (OCLC); LOCAL CALL NUMBER (RLIN)
Classification number (OCLC) (R) ; Classification number, CALL (RLIN) (NR) 959.5
Feature heading PEP
Feature heading K
245 00 - TITLE STATEMENT
Title Peperangan Yang Masyhur /
Statement of responsibility, etc. Penyusun: NURUL AIN AMIRNUR RASHID
264 #1 - PRODUCTION, PUBLICATION, DISTRIBUTION, MANUFACTURE, AND COPYRIGHT NOTICE
Place of production, publication, distribution, manufacture Ayer Hitam, Johor :
Name of producer, publisher, distributor, manufacturer Penerbitan Akiz ,
Date of production, publication, distribution, manufacture, or copyright notice 2014
300 ## - PHYSICAL DESCRIPTION
Extent 40 pages :
Other physical details colour illustrations ;
Dimensions 26 cm
336 ## - CONTENT TYPE
Source rdacontent
Content type term text
337 ## - MEDIA TYPE
Source rdamedia
Media type term unmediated
338 ## - CARRIER TYPE
Source rdacarrier
Carrier type term volume
490 1# - SERIES STATEMENT
Series statement Sejarah Malaysia yang Masyhur
500 ## - GENERAL NOTE
General note Includes exercises and glossary.
651 #0 - SUBJECT ADDED ENTRY--GEOGRAPHIC NAME
Geographic name Malaysia
General subdivision History
Form subdivision Juvenile literature.
700 0# - ADDED ENTRY--PERSONAL NAME
Personal name Nurul Ain Amirnur Rashid,
Relator term compiler.
830 #0 - SERIES ADDED ENTRY--UNIFORM TITLE
Uniform title Sejarah Malaysia yang masyhur
942 ## - ADDED ENTRY ELEMENTS (KOHA)
Koha item type Book
Source of classification or shelving scheme Dewey Decimal Classification
Holdings
Withdrawn Not for loan Current library Shelving location Date acquired Full call number Barcode Date last seen Koha item type Total Checkouts Date last checked out
    Perpustakaan Alor Setar Pinjaman Kanak-kanak 10/12/2015 K 959.5 PEP A01474570 09/05/2018 Book    
    Perpustakaan Alor Setar Pinjaman Kanak-kanak 29/11/2020 K 959.5 PEP A00739945 29/11/2020 Book    
    Perpustakaan Awam Sungai Petani Pinjaman Kanak-kanak 10/12/2015 K 959.5 PEP A01474576 15/04/2023 Book 1 08/04/2023
    Perpustakaan Baling Pinjaman Kanak-kanak 10/12/2015 K 959.5 PEP A01474574 09/05/2018 Book    
    Perpustakaan Jitra Pinjaman Kanak-kanak 10/12/2015 K 959.5 PEP A01474575 09/05/2018 Book    
    Perpustakaan Kuala Nerang Pinjaman Kanak-kanak 10/12/2015 K 959.5 PEP A01474573 09/05/2018 Book    
    Perpustakaan Merbok Pinjaman Kanak-kanak 10/12/2015 K 959.5 PEP A01474571 09/05/2018 Book    
    Perpustakaan Sik Pinjaman Kanak-kanak 10/12/2015 K 959.5 PEP A01474572 09/05/2018 Book